000 00554nam a2200181Ia 4500
008 100920s9999 xx 000 0 und d
082 _b28935
_a891.463.1 थ 75
100 _aखाडिलकर गो.वि.
245 _aभोग शांत.
260 _bमनोरंजन प्रकाशन ,मुंबई 7.
_c1975
300 _a120
_bसाधी
365 _b7
520 _aलघुकथा.
630 _aभोग शांत.
650 _aलघुकथा.
730 _aभोग शांत.
942 _cBOOK
999 _c684986
_d684983